000 00827nam a2200205 i 4500
001 20321
003 ES-MaACL
005 20250828122912.0
007 t|
008 021111s1891 sp |||| | spa d
100 1 _aAguilar y Cano, Antonio.
_918750
245 1 0 _aApuntes históricos de la Villa de Campillos /
_cescritos por Antonio Aguilar y Cano.
260 _aPuente Genil :
_b[s.n.],
_c1891 (
_fImp. y Lib. Estrada y Reina)
300 _a150, [2] p. ;
_c22 cm.
651 4 _aCampillos (Málaga)
_9152298
852 _aES-MaACL
_jZ-3-F-18
_cDEPOZ
856 _uhttps://www.bibliotecadigitaldeandalucia.es/catalogo/es/consulta/registro.do?id=8093
_yVersión digital en línea
_z(Biblioteca Digital Andalucía)
942 _2udc
_cMONOGRAFIA
_n0
999 _c20321
_d20321